000 00540nam a22001817a 4500
005 20231124061118.0
008 231124b |||||||| |||| 00| 0 eng d
022 _a14612445
041 _aEnglish
082 _a341.48 HAN
100 _lEnglish
245 _aThe 2004 Handbook of Competition Enforcement Agencies /
_cedited by D Sameuls
250 _aSixth Edition
260 _aLondon :
_bRichard Davey,
_c2004
300 _b179 pages ;
_c25,5 cm.
650 _aLegal practice
_bLaw
942 _cBK
_6ALISON_BN_VRIES
999 _c918
_d918